WHO report on the global tobacco epidemic, 2008 (Record no. 38197)
[ view plain ]
| 000 -LEADER | |
|---|---|
| fixed length control field | 01866nam a2200361 a 4500 |
| 245 00 - TITLE STATEMENT | |
| Title | WHO report on the global tobacco epidemic, 2008 |
| 260 ## - PUBLICATION, DISTRIBUTION, ETC. (IMPRINT) | |
| Place of publication | Geneva : |
| Name of publisher | World Health Organization, |
| Year of publication | 2008. |
| 300 ## - PHYSICAL DESCRIPTION | |
| Number of Pages | 329 p. : |
| Other physical details | col. ill., maps :. |
| 500 ## - GENERAL NOTE | |
| General note | Title from title screen (viewed on Feb 20, 2008). |
| 520 ## - SUMMARY, ETC. | |
| Summary, etc | This landmark new report presents the first comprehensive worldwide analysis of tobacco use and control efforts. It provides countries with a roadmap to reverse the devastating global tobacco epidemic that could kill up to one billion people by the end of this century. The report outlines the MPOWER package, a set of six key tobacco control measures that reflect and build on the WHO Framework Convention on Tobacco Control. |
| 650 #0 - SUBJECT ADDED ENTRY--TOPICAL TERM | |
| Topical Term | Tobacco use |
| Topical Term | Smoking |
| Topical Term | Public health. |
| 856 40 - ELECTRONIC LOCATION AND ACCESS | |
| Uniform Resource Identifier | http://site.ebrary.com/lib/rucke/Doc?id=10233797 |
No items available.
